000 00584nam a2200241Ia 4500
003 OSt
005 20220916111031.0
006 a|||||r|||| 00| 0
007 ta
008 220915b |||||||| |||| 00| 0 eng d
024 _a124150
037 _cTextbook
040 _beng
_aARTS
_cARTS
041 _aeng
082 _aV671:25:N5, J6
100 _aLacouture J
245 0 _aEgypte ien mouvement
260 _c1956
650 _aHISTORY
700 _a Lacouture S
942 _hV671:25:N5, J6
_cTB
_2CC
999 _c104030
_d104030